000 00866nam a2200265 a 4500
999 _c874
_d874
008 191106r20062012ii ad||g |||| 00| 0 eng d
020 _a9788126509331
_cRs. 419.00
040 _aKO
_beng
041 0 _aeng
044 _aii
082 0 4 _223
_a620.0042
_bR197
100 1 _aRavindran, A.
245 1 0 _aEngineering Optimization :
_bMethods and Applications /
_cA. Ravindran, K. M. Ragsdell and G. V. Reklaitis
250 _a2nd ed.
260 _aNew Delhi :
_bWiley India (P.) Ltd. ,
_c2006, reprinted 2012
300 _axv, 667 p. :
_bill. ;
_c23 cm.Includes
504 _aIncludes Index.
650 0 _aMathematical models; Mathematical optimization;
_xEngineering
650 0 _aMathematics Optimisation For engineering
_xEngineering
700 _aRagsdell, K. M.
_eaut
700 _aReklaitis, G. V.
_eaut
904 _aA_BOSE
942 _cBK